Statistics for Top 10 Countries In The Americas With The Lowest Murder Rate

Click here to take the quiz!

General Stats

  • This quiz has been taken 27 times
  • The average score is 9 of 10

Answer Stats

RateCountry% Correct
5.22Argentina
100%
4.40Chile
100%
5.52Uruguay
100%
6.22Bolivia
96%
1.46Canada
96%
6.68Paraguay
96%
5.05United States
96%
5.80Ecuador
92%
5.43Suriname
84%
4.98Cuba
80%

Score Distribution

Percentile by Number Answered

Percent of People with Each Score

Your Score History

You have not taken this quiz